Topología general: la recta real
Salvato in:
| Autore principale: | |
|---|---|
| Natura: | Libro |
| Lingua: | spagnolo |
| Pubblicazione: |
Concepción
Universidad de Concepción
1967
|
| Soggetti: | |
| Tags: |
Aggiungi Tag
Nessun Tag, puoi essere il primo ad aggiungerne!!
|
MARC
| LEADER | 00000nam a2200000 a 4500 | ||
|---|---|---|---|
| 001 | UCQ9932 | ||
| 003 | CL-VaPUC | ||
| 008 | 990128e19670000CL |||||||||||||||||spa|d | ||
| 082 | 0 | 4 | |a 514.322 |b LEO |2 21 |
| 100 | 0 | |a León Abello, Agustín |e author |9 424634 | |
| 245 | 1 | 0 | |a Topología general: la recta real |
| 300 | |a 27 h | ||
| 942 | |c BK | ||
| 945 | |d 19990128 00:00:00 |a crobeson | ||
| 260 | |a Concepción |b Universidad de Concepción |c 1967 | ||
| 650 | 0 | |a Topología general |9 424243 | |
| 650 | 0 | |a Espacios topológicos |9 360015 | |
| 650 | 0 | |a Teoría de conjuntos |9 265668 | |
| 650 | 0 | |a Números reales |9 270334 | |
| 583 | |a last modification |c 19990128 00:00:00 |k Rodrigo Vera | ||
| 999 | |c 278831 |d 278829 | ||